Statistics for Premier League Teams 23/24 - Crystal Palace

Click here to take the quiz!

General Stats

  • This quiz has been taken 10 times
  • The average score is 11 of 19

Answer Stats

QuestionAnswer% Correct
What is the colour of their home kit?Red and Blue
100%
Who is their head Coach?Roy Hodgson
100%
What is the name of their stadium?Selhurst Park
100%
What is their nickname?The Eagles
100%
How many top division titles have they won?0
88%
Which year did they win their most recent top division title?No Titles
88%
Who is the chairman?Steve Parish
88%
How many consecutive seasons in the top division?11
75%
Which company sponsors their kit?Cinch
75%
Their biggest loss was against Burnley in 1909 and Liverpool in 1989. What was the score?0-9
38%
Their record home attendance was against Burnley in 1979. How many were there. (To the nearest 1,000)51,482
38%
With 660 games, who has played the most for them?Jim Cannon
38%
Who is the owner of the club? (If more than one owner, use the person/company with the majority stake)John Textor
38%
Their record league win was 9–0 v in 1959. Can you name their opponent?Barrow
25%
Which team is their closest rival?Brighton and Hove Albion
25%
Their oldest first team player was 41 years, 68 days. Who was it?Jack Little
13%
Their youngest first team player was only 5 years, 287 days. What was his name?John Bostock
13%
With 165 goals, who is their record goal scorer?Peter Simpson
13%
Their record cup win was 8–0 in 1990. Who was it against?Southend United
13%

Score Distribution

Percentile by Number Answered

Percent of People with Each Score

Your Score History

You have not taken this quiz